LEADER 01232nam a2200313 i 4500 001 991003545569707536 005 20020509124048.0 008 960112s1989 it ||| | ita 020 $a888566833X 035 $ab11178334-39ule_inst 035 $aPARLA184012$9ExL 040 $aDip.to Filol. Class. e Med.$bita 082 0 $a182.4 100 1 $aSnell, Bruno$0126257 245 13$aIl linguaggio di Eraclito /$cBruno Snell ; a cura di Barnaba Maj 260 $aFerrara :$bGabriele Corbo,$c1989 300 $axvi ;$c69 p. ;$c21 cm. 490 0 $aRithimorum. Saggi poetico-linguistici ;$v3 650 4$aEraclito$xSaggio critico 650 4$aFilosofia eraclitea 650 4$aHeidegger, Martin$xFilosofia eraclitea 700 1 $aMaj, Barnaba 907 $a.b11178334$b23-02-17$c28-06-02 912 $a991003545569707536 945 $aLE007 880.1 Heraclitus Ephesius SNE 01.501$g1$i2007000024225$lle007$o-$pE0.00$q-$rl$s- $t0$u0$v0$w0$x0$y.i11325318$z28-06-02 945 $aLE007 880.1 Heraclitus Ephesius SNE 01.501$g2$i2007000028520$lle007$o-$pE0.00$q-$rl$s- $t0$u1$v0$w1$x0$y.i1132532x$z28-06-02 996 $aLinguaggio di Eraclito$9869752 997 $aUNISALENTO 998 $ale007$b01-01-96$cm$da $e-$fita$git $h3$i2 LEADER 01944oam 2200433 450 001 9910709977003321 005 20180823140721.0 035 $a(CKB)5470000002474494 035 $a(OCoLC)1049572003 035 $a(EXLCZ)995470000002474494 100 $a20180823d2004 ua 0 101 0 $aeng 135 $aur||||||||||| 181 $ctxt$2rdacontent 182 $cc$2rdamedia 183 $acr$2rdacarrier 200 10$aFederal research and development needs and priorities for atmospheric transport and diffusion modeling /$fFederal Committee for Meteorological Services and Supporting Research, Working Group for Environmental Support to Homeland Security, Joint Action Group for Atmospheric Transport and Diffusion Modeling (Research and Development Plan) (JAG/ATD(R&DP)) 210 1$aSilver Spring, MD :$cOffice of the Federal Coordinator for Meteorological Services and Supporting Research,$d2004. 215 $a1 online resource (207 unnumbered pages) $cillustrations (some color) 300 $a"September 2004." 300 $a"FCM-R23-2004." 320 $aIncludes bibliographical references. 606 $aTransport theory$xMathematical models 606 $aAtmospheric diffusion$zUnited States$xMathematical models 606 $aAir quality$xMathematical models 606 $aEmergency management$zUnited States 607 $aUnited States$2fast 615 0$aTransport theory$xMathematical models. 615 0$aAtmospheric diffusion$xMathematical models. 615 0$aAir quality$xMathematical models. 615 0$aEmergency management 712 02$aUnited States.$bOffice of Federal Coordinator for Meteorological Services and Supporting Research, 801 0$bGPO 801 1$bGPO 801 2$bGPO 906 $aBOOK 912 $a9910709977003321 996 $aFederal research and development needs and priorities for atmospheric transport and diffusion modeling$93340713 997 $aUNINA LEADER 05836nam 2201417 a 450 001 9910778818903321 005 20230126202700.0 010 $a1-283-43976-X 010 $a9786613439765 010 $a1-4008-4186-0 024 7 $a10.1515/9781400841868 035 $a(CKB)2550000000079596 035 $a(EBL)843814 035 $a(OCoLC)773567196 035 $a(SSID)ssj0000591485 035 $a(PQKBManifestationID)11364768 035 $a(PQKBTitleCode)TC0000591485 035 $a(PQKBWorkID)10696673 035 $a(PQKB)10033780 035 $a(MiAaPQ)EBC843814 035 $a(StDuBDS)EDZ0000515116 035 $a(MdBmJHUP)muse43470 035 $a(DE-B1597)453802 035 $a(OCoLC)979755145 035 $a(DE-B1597)9781400841868 035 $a(Au-PeEL)EBL843814 035 $a(CaPaEBR)ebr10527175 035 $a(CaONFJC)MIL343976 035 $a(EXLCZ)992550000000079596 100 $a20110617d2012 uy 0 101 0 $aeng 135 $aur|n|---||||| 181 $ctxt 182 $cc 183 $acr 200 10$aKrupp$b[electronic resource] $ea history of the legendary German firm /$fHarold James 205 $aCourse Book 210 $aPrinceton $cPrinceton University Press$d2012 215 $a1 online resource (369 p.) 300 $aDescription based upon print version of record. 311 $a0-691-15340-X 320 $aIncludes bibliographical references and index. 327 $aIntroduction: a nation and a name -- The decline of family : the fall from bourgeois respectability -- Man of steel : Alfred Krupp -- Man of science : Friedrich Alfred Krupp -- Man of diplomacy : Gustav von Bohlen und Halbach -- Man of tradition : family and firm in the Weimar Republic -- Man of power : Alfried Krupp von Bohlen und Halbach -- Man of the world : Berthold Beitz -- Appendix 1: Family tree -- Appendix 2: Business results, 1811-2010. 330 $aThe history of Krupp is the history of modern Germany. No company symbolized the best and worst of that history more than the famous steel and arms maker. In this book, Harold James tells the story of the Krupp family and its industrial empire between the early nineteenth century and the present, and analyzes its transition from a family business to one owned by a nonprofit foundation. Krupp founded a small steel mill in 1811, which established the basis for one of the largest and most important companies in the world by the end of the century. Famously loyal to its highly paid workers, it rejected an exclusive focus on profit, but the company also played a central role in the armament of Nazi Germany and the firm's head was convicted as a war criminal at Nuremberg. Yet after the war Krupp managed to rebuild itself and become a symbol of Germany once again--this time open, economically successful, and socially responsible. Books on Krupp tend to either denounce it as a diabolical enterprise or celebrate its technical ingenuity. In contrast, James presents a balanced account, showing that the owners felt ambivalent about the company's military connection even while becoming more and more entangled in Germany's aggressive politics during the imperial era and the Third Reich. By placing the story of Krupp and its owners in a wide context, James also provides new insights into the political, social, and economic history of modern Germany. 606 $aSteel industry and trade$zGermany$xHistory 610 $aAlfred Krupp. 610 $aAlfried Krupp. 610 $aBertha Krupp. 610 $aBerthold Beitz. 610 $aEnglish steel. 610 $aFriedrich Alfred Krupp. 610 $aFriedrich Krupp. 610 $aGerman Empire. 610 $aGerman industrial culture. 610 $aGerman industrial recovery. 610 $aGerman steel industry. 610 $aGermany. 610 $aGustav Krupp. 610 $aGustav von Bohlen. 610 $aHelene Amalie Krupp. 610 $aKaiser Wilhelm II. 610 $aKrupp company. 610 $aKrupp directors. 610 $aKrupp family. 610 $aKrupp. 610 $aKruppianer. 610 $aNIROSTA. 610 $aNazi Germany. 610 $aNazi policy. 610 $aNazism. 610 $aNuremberg trials. 610 $aTherese Krupp. 610 $aThird Reich. 610 $aWilhelmine Germany. 610 $aWilhelminism. 610 $aWorld War I. 610 $aWorld War II. 610 $aarmament. 610 $aarmaments. 610 $abusiness development. 610 $abusiness ethic. 610 $abusiness expansion. 610 $abusiness. 610 $acorporate culture. 610 $ademilitarization. 610 $adiplomacy. 610 $aeconomic depression. 610 $aentrepreneur. 610 $aentrepreneurship. 610 $afamily affairs. 610 $afamily business. 610 $afinancial crisis. 610 $afinancial incentives. 610 $aglobalization. 610 $ainterwar years. 610 $amodern Germany. 610 $amodernity. 610 $anationalist management. 610 $anaval rearmament. 610 $apolitical engagement. 610 $apostwar Germany. 610 $aprofitability. 610 $arearmament. 610 $areinvention. 610 $asocial philosophy. 610 $asteel industry. 610 $asteel mill. 610 $asteel production. 610 $awar criminal. 610 $awork ethics. 615 0$aSteel industry and trade$xHistory. 676 $a338.7/6691420943 686 $aNW 6015$2rvk 700 $aJames$b Harold$f1956-$01100890 801 0$bMiAaPQ 801 1$bMiAaPQ 801 2$bMiAaPQ 906 $aBOOK 912 $a9910778818903321 996 $aKrupp$93682964 997 $aUNINA